Top Scoring F1 Drivers In The 2020s - Statistics

General Stats
  • This quiz has been taken 155 times
    139 since last reset
  • The average score is 27 of 29
Answer Stats
Position Driver Team Points Total % Correct
6 Carlos Sainz 55 ESP FERRARI 269.5 144 413.5
100%
5 Charles Leclerc 16 MON FERRARI 257 170 420
100%
1 Lewis Hamilton 44 GBR MERCEDES 734.5pts 127 861.5pts
100%
2 Max Verstappen 33 NED RED BULL 609.5 233 842.5
100%
4 Sergio Perez 11 MEX RED BULL 315 163 478
100%
8 Daniel Ricciardo 3 AUS MCLAREN 234 19 253
99%
10 Esteban Ocon 31 FRA ALPINE 136 56 189
99%
13 Fernando Alonso 14 ESP ALPINE 81 37 118
99%
11 George Russell 63 GBR MERCEDES 19 143 162
99%
7 Lando Norris 4 GBR MCLAREN 257 70 327
99%
3 Valterri Bottas 77 FIN ALFA ROMEO 449 46 495
99%
16 Yuki Tsunoda 22 JPN ALPHATAURI 32 11 43
99%
14 Alexander Albon 23 THI WILLIAMS 105 3 108
98%
12 Lance Stroll 18 CAN ASTON MARTIN 109 4 113
98%
9 Pierre Gasly 10 FRA ALPHATAURI 185 16 201
98%
19 Kimi Raikkonen 7 FIN ALFA ROMEO 14 - 14
96%
15 Sebastian Vettel 5 GER ASTON MARTIN 76 15 91
96%
24 Zhou Guanyu 24 CHN ALFA ROMEO - 5 5
95%
18 Kevin Magnussen 20 DEN HAAS 1 22 21
94%
21 Nico Hulkenberg 27 GER ASTON MARTIN 10 0 10
91%
22 Nicholas Latifi 6 CAN WILLIAMS 7 0 7
90%
25 Romain Grosjean 8 FRA HAAS 2 - 2
88%
20 Mick Schumacher 47 GER HAAS 0 12 12
86%
17 Daniil Kvyat 26 RUS ALPHATAURI 32 - 32
85%
23 Antonio Giovinazzi 99 ITA ALFA ROMEO 7 - 7
84%
26 Robert Kubica 88 POL ALFA ROMEO 0 - 0
84%
29 Nikita Mazepin 9 RAF HAAS 0 - 0
71%
28 Pietro Fittipaldi 51 BRA HAAS 0 - 0
65%
27 Jack Aitken 89 GBR WILLIAMS 0 - 0
54%
No matching quizzes found
Score Distribution
Percent of People with Each Score
Percentile by Number Answered
Your Score History
You have not taken this quiz since the last reset